[Event "Politiken Cup 2012"]
[Site "Helsingor DEN"]
[Date "2012.08.03"]
[Round "8.2"]
[White "Hector,J"]
[Black "Markus,Rob"]
[Result "1/2-1/2"]
[WhiteElo "2530"]
[BlackElo "2599"]

1.e4 c5 2.Nf3 e6 3.d4 cxd4 4.Nxd4 a6 5.Nc3 b5 6.Bd3 Ne7 7.O-O Nec6 8.Nf3 d6
9.Bg5 Be7 10.Qd2 O-O 11.Bxe7 Qxe7 12.Rfd1 Rd8 13.Bf1 Ra7 14.a4 b4 15.Na2 d5
16.Qe3 Rad7 17.exd5 Rxd5 18.Rxd5 Rxd5 19.Bc4 Rd8 20.Bd3 g6 21.h4 Qf6 22.c3 bxc3
23.Nxc3 Nd4 24.Be4 Nbc6 25.Nxd4 Nxd4 26.g3 e5 27.b4 Be6 28.b5 Bc4 29.bxa6 Bxa6
30.Nd5 Rxd5 31.Bxd5 Nc2 32.Qc3 Nxa1 33.Qxa1 Qd6 34.Qa2 Kg7 35.a5 Qb4 36.Qa1 f6
37.Bg2 e4 38.Bf1 Bxf1 39.Kxf1 Qc4+ 40.Kg1 e3 41.fxe3 Qe2 42.Qc3 Kf7 43.Qc7+ Ke6
44.Qc6+ Ke7 45.Qc3 Kf7 46.e4 Qxe4 47.Kf2 Qf5+ 48.Ke2 Qb5+ 49.Kd2 g5 50.hxg5 fxg5
51.Kc2 h5 52.Qb3+ Qxb3+ 53.Kxb3 h4 54.gxh4 g4 55.a6 g3 56.a7 g2 57.a8=Q g1=Q
58.Qe4 Qg6  1/2-1/2

[Event "Politiken Cup 2012"]
[Site "Helsingor DEN"]
[Date "2012.08.04"]
[Round "9.121"]
[White "Dyrhaug,Sverre S"]
[Black "Nordstrom,Hakon N"]
[Result "0-1"]
[WhiteElo "1551"]
[BlackElo "1776"]

1.e4 c5 2.Nf3 e6 3.d4 cxd4 4.Nxd4 a6 5.Nc3 b5 6.a3 Bb7 7.Be2 Qc7 8.O-O Bc5
9.Be3 Nf6 10.Ndxb5 axb5 11.Nxb5 Qc6 12.Bxc5 Nxe4 13.Bb4 Kd8 14.f3 Qb6+ 15.Qd4 Qxd4+
16.Nxd4 Nf6 17.Rfd1 Nd5 18.Bc5 Na6 19.Bxa6 Bxa6 20.a4 Rc8 21.Nb3 Bc4 22.Na5 Ba6
23.b4 d6 24.Bxd6 Rxc2 25.b5 Kd7 26.Be5 Bc8 27.Nc6 f6 28.Bg3 Bb7 29.Nb4 Rb2
30.Nxd5 Bxd5 31.Rdb1 Rxb1+ 32.Rxb1 Ra8 33.b6 Kc8 34.Rb4 Kb7 35.Bf2 Bc6 36.Rh4 h6
37.Rd4 Bxa4 38.Rd6 Bb3 39.Rd7+ Kc6 40.Rxg7 Ra1+ 41.Be1 Rxe1+ 42.Kf2 Rb1 43.b7 Bd5
44.Rg6 Rxb7 45.Rxf6 Rh7 46.f4 Kd6 47.h4 Ke7 48.Rg6 Kf7 49.Rg3 Rg7 50.Rxg7+ Kxg7
51.g4 h5 52.gxh5 Be4 53.Ke3 Bf5 54.Kf3 Kh6 55.Kg2 Kxh5 56.Kf2 Kxh4 57.Kf3 Kh3
58.Kf2 Kg4 59.Ke3 Kg3  0-1

[Event "113th US Open 2012"]
[Site "Vancouver USA"]
[Date "2012.08.05"]
[Round "2"]
[White "Ellis,James S"]
[Black "Bercys,S"]
[Result "0-1"]
[WhiteElo "1951"]
[BlackElo "2420"]

1.e4 c5 2.Nf3 e6 3.d4 cxd4 4.Nxd4 a6 5.Nc3 Qc7 6.Bd3 Nc6 7.Be3 Nf6 8.O-O b5
9.Nxc6 Qxc6 10.Re1 b4 11.Ne2 Nxe4 12.Nd4 Qb7 13.f4 Be7 14.Qh5 Nf6 15.Qh3 Qc7
16.Rad1 Bb7 17.Kh1 h5 18.f5 e5 19.Ne6 dxe6 20.fxe6 e4 21.exf7+ Kxf7 22.Qf5 exd3  0-1

[Event "2nd Riga Tech Open"]
[Site "Riga LAT"]
[Date "2012.08.06"]
[Round "1.10"]
[White "Sanders,I"]
[Black "Kulaots,K"]
[Result "0-1"]
[WhiteElo "2114"]
[BlackElo "2558"]

1.e4 c5 2.Nf3 e6 3.d4 cxd4 4.Nxd4 a6 5.Nc3 b5 6.Bd3 Qb6 7.Nb3 d6 8.O-O Nf6
9.a4 b4 10.a5 Qb7 11.Na4 Nbd7 12.Qe2 Be7 13.f4 O-O 14.Bd2 e5 15.fxe5 dxe5
16.Kh1 Qc7 17.Rf3 Bb7 18.Rg3 Kh8 19.c3 bxc3 20.Nxc3 Rab8 21.Rc1 Qd6 22.Bb1 Rfc8
23.Rd3 Qe6 24.Ba2 Qc4 25.Nd4 Qb4 26.Nd1 Rxc1 27.Bxb4 Bxb4 28.Nb3 Rc7 29.Nf2 Nf8
30.g3 Ne6 31.h4 Rbc8 32.Bb1 g6 33.Kh2 Kg7 34.Rd1 h5 35.Nd3 Ng4+ 36.Kh3 Rc4
37.Nf2 Nf6 38.Bd3 R4c6 39.Bb1 R8c7 40.Nd3 Bd6 41.Rc1 Nd4 42.Nxd4 Rxc1 43.Nxc1 Rxc1
44.Bd3 exd4 45.Kg2 Bb4 46.b3 Re1 47.Qc2 Nxe4 48.Qc7 Nc5+  0-1

[Event "Open ch-MKD 2012"]
[Site "Struga MKD"]
[Date "2012.08.06"]
[Round "3.9"]
[White "Petkovski,V"]
[Black "Tairi,K"]
[Result "1-0"]
[WhiteElo "2153"]
[BlackElo "1823"]

1.e4 c5 2.Nf3 e6 3.Nc3 a6 4.d4 cxd4 5.Nxd4 Qc7 6.Be2 Nf6 7.a3 b6 8.f4 d6
9.Bf3 Bb7 10.O-O Nbd7 11.Kh1 Be7 12.Qe2 Rd8 13.Bd2 h5 14.Rae1 Qb8 15.Nd5 exd5
16.exd5 O-O 17.Nc6 Bxc6 18.dxc6 Ne5 19.fxe5 dxe5 20.Bc3 Bd6 21.Bxh5 Nxh5
22.Qxh5 f6 23.Qe2 b5 24.Qe4 Qc7 25.Rd1 Be7 26.h4 a5 27.Rd5 b4 28.axb4 axb4
29.Be1 Kh8 30.c4 bxc3 31.Bxc3 Bd6 32.Ba5 Qxc6 33.Bxd8 Rxd8 34.Rxe5 Qxe4 35.Rxe4 Be5
36.b4 Rd5 37.Rb1 Rb5 38.Rc4 Bd6 39.g4 Bg3 40.h5 Bd6 41.Kg2 Kh7 42.Kf3 Kh6
43.Rd4 Be7 44.Ke4 f5+ 45.gxf5 Kxh5 46.Rd7 Bf6 47.Rd5 Rb6 48.b5 Kg5 49.Rd2 Be7
50.Rg2+  1-0

[Event "16th HZ Open"]
[Site "Vlissingen NED"]
[Date "2012.08.06"]
[Round "4"]
[White "Llaneza Vega,P"]
[Black "Hoffmann,Micha1"]
[Result "0-1"]
[WhiteElo "2238"]
[BlackElo "2482"]

1.e4 c5 2.Nc3 e6 3.Nf3 a6 4.d4 cxd4 5.Nxd4 Qc7 6.Bd3 Nc6 7.Nxc6 dxc6 8.O-O Nf6
9.f4 e5 10.Kh1 Bc5 11.Qe1 Ng4 12.h3 h5 13.Qh4 Qe7 14.Qxe7+ Kxe7 15.f5 Nf2+
16.Kh2 Nxd3 17.cxd3 b5 18.Bg5+ f6 19.Bh4 Bb7 20.Rac1 Bb6 21.Ne2 Rad8 22.Rf3 a5
23.a3 Rd6 24.Be1 Rhd8 25.b4 Rxd3 26.Rxd3 Rxd3 27.bxa5 Be3 28.a6 Ba8 29.Bb4+ Kd7
30.Rc2 h4 31.Bf8 Ke8 32.Bb4 Kd7 33.Bf8 Ke8 34.Bb4 Rd7 35.a4 bxa4 36.Ra2 c5
37.Be1 Rd1 38.Bc3 Bc6 39.Ba5 c4 40.Rb2 Ba7 41.Nc3 Bg1+ 42.Kh1 Ra1  0-1

[Event "16th Izmailov Mem"]
[Site "Tomsk RUS"]
[Date "2012.08.07"]
[Round "1.12"]
[White "Zaretsky,L"]
[Black "Shkurikhin,I"]
[Result "0-1"]
[WhiteElo "1992"]
[BlackElo "2398"]

1.e4 c5 2.Nf3 e6 3.d4 cxd4 4.Nxd4 a6 5.Nc3 Qc7 6.Be2 b5 7.Bf3 Bb7 8.Nce2 d6
9.O-O Nf6 10.Ng3 Be7 11.c3 O-O 12.a3 Nbd7 13.Bg5 Rfe8 14.Bxf6 Nxf6 15.Re1 Bf8
16.Qd2 Rad8 17.Rad1 g6 18.h4 Bg7 19.h5 Nd7 20.hxg6 hxg6 21.Qg5 Qc5 22.Qd2 Ne5
23.Be2 d5 24.Qe3 Nc6 25.exd5 Nxd4 26.cxd4 Qxd5 27.Bf3 Qd7 28.Bxb7 Qxb7 29.Rd3 Rd5
30.Red1 Red8 31.Ne2 Qd7 32.f4 a5 33.Qd2 Qa7 34.Kf1 Rh5 35.Ng3 Rh4 36.Qf2 Qc7
37.Ke2 Rxf4 38.Qe3 Rfxd4 39.Rxd4 Rxd4 40.Rxd4 Bxd4 41.Qxd4 Qxg3 42.Kf1 e5
43.Qd8+ Kg7 44.Qd6 Qf4+ 45.Ke2 Qe4+ 46.Kd2 Qxg2+ 47.Kc3 Qf3+ 48.Kc2 Qe4+
49.Kc1 b4 50.axb4 axb4 51.b3 Qe3+ 52.Kb2 Qd4+  0-1

[Event "Miguel Najdorf Open A"]
[Site "Warsaw POL"]
[Date "2012.08.07"]
[Round "2.12"]
[White "Goslawski,M"]
[Black "Przedmojski,R"]
[Result "0-1"]
[WhiteElo "2121"]
[BlackElo "2372"]

1.e4 c5 2.Nf3 e6 3.Nc3 a6 4.d4 cxd4 5.Nxd4 b5 6.Be2 Bb7 7.Bf3 Qc7 8.O-O d6
9.Bh5 g6 10.Bg4 e5 11.Nb3 Nf6 12.Bg5 Nxg4 13.Qxg4 Bg7 14.Rad1 Nd7 15.a3 Nb6
16.Na5 Bc8 17.Qh4 h6 18.Be3 Be6 19.Bxb6 Qxb6 20.Nb3 Rc8 21.Kh1 O-O 22.f3 Rc6
23.Qf2 Qc7 24.Nc1 Rb8 25.Nd3 a5 26.a4 bxa4 27.Ra1 h5 28.Rxa4 Rxb2 29.Nxb2 Rxc3
30.Nd1 Rxc2 31.Qe3 d5 32.exd5 Bxd5 33.Qd3 Rc5 34.Ne3 Bc6 35.Rc4 Bb5 36.Rxc5 Qxc5
37.Qd8+ Bf8 38.Qxa5 Bxf1 39.Qxc5 Bxg2+ 40.Kxg2 Bxc5 41.Nd5 Kg7 42.Nc7 Kf8
43.Nd5 Be7 44.Nb6 f6 45.Kg3 Kf7 46.Nc4 Ke6 47.Kf2 Bc5+ 48.Kg3 Kd5 49.Nd2 f5
50.h3 Bb4 51.Nf1 Be1+  0-1

[Event "FSIMB August 2012"]
[Site "Budapest HUN"]
[Date "2012.08.08"]
[Round "5.1"]
[White "Espinoza Palomino,W"]
[Black "Sean,W"]
[Result "0-1"]
[WhiteElo "2242"]
[BlackElo "2120"]

1.e4 c5 2.Nf3 e6 3.d4 cxd4 4.Nxd4 a6 5.Nc3 Qc7 6.Qf3 Nf6 7.Bg5 Be7 8.O-O-O Nc6
9.Nxc6 bxc6 10.Bc4 h6 11.Bh4 d5 12.Bxf6 Bxf6 13.exd5 cxd5 14.Bxd5 exd5 15.Nxd5 Bg5+
16.Kb1 Qa7 17.Qe4+ Kf8 18.f4 Bd8 19.Rhe1 Kg8 20.f5 Kh7 21.h4 Qf2 22.Nf4 Bf6
23.Rf1 Qb6 24.b3 Bb7 25.Qc4 Rhc8 26.Qxf7 Be4 27.Rd2 Bxc2+ 28.Rxc2 Qd4 29.Qxf6 gxf6  0-1

[Event "XIII Miquel Mas Open"]
[Site "Figueres ESP"]
[Date "2012.08.09"]
[Round "1.13"]
[White "Vishnu,P"]
[Black "Dilme Bosch,E"]
[Result "1-0"]
[WhiteElo "2435"]
[BlackElo "1994"]

1.e4 c5 2.Nf3 e6 3.d4 cxd4 4.Nxd4 a6 5.Nc3 Qc7 6.Bd3 Nc6 7.Nxc6 dxc6 8.O-O e5
9.f4 Bc5+ 10.Kh1 Nf6 11.f5 h6 12.a4 b6 13.Qf3 Bb7 14.Qg3 Rg8 15.Bd2 O-O-O
16.Rab1 b5 17.b4 Bd4 18.Ne2 bxa4 19.Nxd4 exd4 20.Bf4 Qe7 21.Qh3 Rd7 22.e5 Nd5
23.e6 fxe6 24.fxe6 Rdd8 25.Bg3 Nf6 26.Qf5 Nd5 27.Qe5 Qc7 28.Qxd4 Qb6 29.Qxb6 Nxb6
30.Rf7 Na8 31.e7  1-0

[Event "II Brazil Maringa Open"]
[Site "Maringa BRA"]
[Date "2012.08.09"]
[Round "3.14"]
[White "Villalba,M"]
[Black "Rezende,Guilherme Vilela"]
[Result "1-0"]
[WhiteElo "2243"]
[BlackElo "2049"]

1.e4 c5 2.Nf3 e6 3.d4 cxd4 4.Nxd4 a6 5.Nc3 Qc7 6.Bd3 Nf6 7.O-O Bc5 8.Nb3 Ba7
9.Qe2 d6 10.Be3 Nc6 11.Bxa7 Rxa7 12.f4 b5 13.a3 h5 14.h3 Qb8 15.Rae1 Re7
16.a4 b4 17.Nd1 e5 18.Ne3 exf4 19.Rxf4 d5 20.Rxf6 gxf6 21.Nxd5 Qa7+ 22.Kh1 Re6
23.Qf3 Ne5 24.Nxf6+ Kf8 25.Qf5 Bd7 26.Rf1 Bc6 27.Nxh5 Rhh6 28.Nf4 Re8 29.Nd2 Bd7
30.Qg5 Ng4 31.Nh5 Rxh5 32.Qxh5 Nf2+ 33.Kh2 Bxa4 34.Qh8+  1-0

[Event "TCh-ESP CECLUB 2a Gp1 2012"]
[Site "Padron ESP"]
[Date "2012.08.09"]
[Round "2.1"]
[White "Fidalgo Fernandez,J"]
[Black "Cramling,P"]
[Result "0-1"]
[WhiteElo "2331"]
[BlackElo "2503"]

1.e4 c5 2.Nf3 e6 3.Nc3 a6 4.d4 cxd4 5.Nxd4 Qc7 6.Be2 b5 7.O-O Bb7 8.a3 Nf6
9.Bd3 d6 10.Be3 Nbd7 11.Qf3 Ne5 12.Qg3 h5 13.f4 Neg4 14.h3 h4 15.Qf3 Nxe3
16.Qxe3 Be7 17.Rae1 Qc5 18.b4 Qa7 19.e5 dxe5 20.fxe5 Nd5 21.Nxd5 Bxd5 22.Qf4 O-O-O
23.c3 f5 24.exf6 gxf6 25.Kh1 e5 26.Bf5+ Kb8 27.Qh2 Bd6 28.Ne6 Rdg8 29.Re2 Bc4
30.Rfe1 Bxe2 31.Rxe2 Rg3 32.Rd2 Rxc3 33.Rd1 Rhc8 34.Nc5 R8xc5 35.bxc5 Qxc5
36.a4 bxa4 37.g4 Qc6+ 38.Kg1 Bc5+ 39.Kf1 Qf3+  0-1

[Event "113th US Open 2012"]
[Site "Vancouver USA"]
[Date "2012.08.09"]
[Round "4"]
[White "Aaron,D"]
[Black "Lessler,Peter"]
[Result "1-0"]
[WhiteElo "2245"]
[BlackElo "2200"]

1.e4 c5 2.Nf3 e6 3.d4 cxd4 4.Nxd4 a6 5.Nc3 Qc7 6.Bd3 Nf6 7.O-O d6 8.Qe2 b5
9.Bd2 Bb7 10.Rae1 Nbd7 11.Nb3 Be7 12.f4 e5 13.Nd1 O-O 14.Ne3 Rfe8 15.fxe5 Nxe5
16.Nf5 Bf8 17.Ba5 Qb8 18.Bc3 Nfd7 19.Qf2 d5 20.Nbd4 b4 21.Bd2 dxe4 22.Bxe4 Ng4
23.Qh4 Rxe4 24.Rxe4 Qxh2+ 25.Qxh2 Nxh2 26.Ne7+ Kh8 27.Rfe1 Bxe4 28.Rxe4 Ng4
29.Bxb4 Ngf6 30.Re2 Nb6 31.b3 Rd8 32.Ndc6 Re8 33.c4 Nc8 34.Kf2 a5 35.Ng6+ fxg6
36.Rxe8 Nxe8 37.Bxf8 Kg8 38.Bc5 a4 39.Ke3 axb3 40.axb3 Kf7 41.Nd8+ Kf6 42.Kd4 Kf5
43.Kd5 Nf6+ 44.Kc6 Ne4 45.b4 Nd2 46.Kd5 Kf4 47.Bf2 Ne4 48.Ne6+ Kf5 49.Nxg7+ Kf6  1-0

[Event "XIII Miquel Mas Open"]
[Site "Figueres ESP"]
[Date "2012.08.10"]
[Round "2.5"]
[White "Soumya,Sw"]
[Black "Das,Arg"]
[Result "0-1"]
[WhiteElo "2271"]
[BlackElo "2479"]

1.e4 c5 2.Nf3 a6 3.Nc3 e6 4.d4 cxd4 5.Nxd4 Qc7 6.Bd3 Nf6 7.O-O Bc5 8.Be3 O-O
9.Kh1 d6 10.Qe2 b5 11.Nb3 Bxe3 12.Qxe3 Bb7 13.f4 Nbd7 14.Rae1 e5 15.Qh3 Rfe8
16.fxe5 Rxe5 17.Nd5 Bxd5 18.exd5 Rae8 19.Rxe5 dxe5 20.Bf5 Nb6 21.Nd2 Nbxd5
22.Ne4 g6 23.Bxg6 hxg6 24.Nxf6+ Nxf6 25.Rxf6 Qxc2 26.Rf1 Qe2 27.Rg1 Rd8 28.Qc3 e4
29.Qf6 Rd1 30.h3 e3  0-1

[Event "II Brazil Maringa Open"]
[Site "Maringa BRA"]
[Date "2012.08.10"]
[Round "5.35"]
[White "Sztokbant,B"]
[Black "Hille,Waltercler"]
[Result "1/2-1/2"]
[WhiteElo "2065"]
[BlackElo "1906"]

1.e4 c5 2.Nf3 e6 3.d4 cxd4 4.Nxd4 a6 5.Nc3 Qc7 6.Be2 b5 7.O-O Bb7 8.Bf3 Bd6
9.g3 Be5 10.Bg2 Nc6 11.Be3 Rc8 12.f4 Bxd4 13.Bxd4 Nxd4 14.Qxd4 Qc5 15.Qxc5 Rxc5
16.Rf2 Nf6 17.e5 Bxg2 18.Rxg2 b4 19.Na4 Ra5 20.Nb6 Nd5 21.Nc4 Rc5 22.b3 Ke7
23.a3 a5 24.axb4 axb4 25.Rd2 Rhc8 26.Kf1 f6 27.exf6+ gxf6 28.Ra7 R8c7 29.Ra8 Rc8
30.Ra4 h5 31.Kg2 h4 32.Kf3 hxg3 33.hxg3 Rh8 34.Ra1 f5 35.Re1 Nf6 36.Ne5 Rhc8
37.Ree2 R8c7 38.Nd3 Rc3 39.Kg2 Ne4 40.Nxb4 Rxg3+ 41.Kh2 Rg4 42.Rd3 Rxf4 43.Rh3 Nf6
44.Nd3 Rf1 45.c4 d6 46.Kg2 Rb1 47.Nf4 e5 48.Ree3 Rb2+ 49.Kf1 Ra7 50.Ng6+ Kf7
51.Nh4 Ra1+ 52.Re1 Raa2 53.c5 Rf2+ 54.Kg1 Ke6 55.cxd6 Kxd6 56.b4 Ke6 57.Rg3 Ne4
58.Rg6+ Kd5 59.b5 Rab2 60.b6 Nc5 61.Rg5 Nd3 62.Rd1 Ke4 63.b7 Rf4 64.Ng2 Rg4
65.Rxg4+ fxg4 66.Ne1 Nc5 67.Ng2 Rxb7 68.Re1+ Kf5 69.Ne3+ Kg5 70.Nxg4 Kxg4
71.Rxe5 Rb1+ 72.Kg2 Nd3 73.Re4+ Nf4+ 74.Kf2 Rb3 75.Re8 Rb2+ 76.Ke1 Kf3 77.Kd1 Ne2
78.Re7 Ng3 79.Ke1 Rg2 80.Kd1 Ne4 81.Rh7  1/2-1/2

[Event "ch-POR 2012"]
[Site "Pampilhosa da Serra POR"]
[Date "2012.08.10"]
[Round "7.2"]
[White "Fernandes,Ant"]
[Black "Galego,L"]
[Result "1-0"]
[WhiteElo "2395"]
[BlackElo "2495"]

1.e4 c5 2.Nf3 e6 3.d4 cxd4 4.Nxd4 a6 5.Nc3 Qc7 6.Bd3 Nf6 7.O-O Bc5 8.Nb3 Be7
9.f4 d6 10.Qf3 Nc6 11.Bd2 O-O 12.Kh1 g6 13.Rae1 b5 14.a3 Bb7 15.Qh3 Qd7 16.Ne2 Rfe8
17.Ng3 Qd8 18.e5 Nd5 19.f5 Nxe5 20.fxg6 fxg6 21.Qxe6+ Kh8 22.Rxe5 dxe5 23.Rf7 Nf6
24.Bg5 Bd5 25.Bxf6+ Bxf6 26.Qxf6+ Qxf6 27.Rxf6 Bxb3 28.cxb3 Rad8 29.Be4 Rd2
30.h4 Rxb2 31.Rf3 Kg7 32.h5 Re6 33.b4 Rd2 34.Kh2 Rd4 35.Re3 Kh6 36.hxg6 hxg6
37.Ne2 Rd2 38.Kg3 Red6 39.Ng1 Ra2 40.Nf3 Rd1 41.Bb7 e4 42.Bxe4 Rda1 43.Rd3 Rxa3
44.Rd6 Kg7 45.Rxg6+ Kf8 46.Rb6 Rb3 47.Kf4 Rxb4 48.g4 Raa4 49.Ng5 Rc4 50.Ke5 Ke7
51.Rb7+ Kd8 52.Nf7+  1-0

[Event "Stare Mesto Open 2012"]
[Site "Stare Mesto CZE"]
[Date "2012.08.10"]
[Round "1.2"]
[White "Svoboda,Ma"]
[Black "Simantsev,M"]
[Result "1/2-1/2"]
[WhiteElo "1934"]
[BlackElo "2526"]

1.e4 c5 2.Nf3 e6 3.d4 cxd4 4.Nxd4 a6 5.Nc3 b5 6.Bd3 Qb6 7.Nb3 Qc7 8.O-O Nf6
9.f4 b4 10.Ne2 Bb7 11.Ng3 h5 12.Re1 h4 13.Nf1 d6 14.Bd2 Nbd7 15.c3 d5 16.e5 Ne4
17.Bxe4 dxe4 18.cxb4 Qb6+ 19.Ne3 g5 20.fxg5 Bxb4 21.Bxb4 Qxb4 22.g6 Nxe5
23.gxf7+ Kxf7 24.Rc1 Rac8 25.Rxc8 Bxc8 26.Qc1 Nd3 27.Qc7+ Kg6 28.Re2 Rf8
29.Qc4 Qxc4 30.Nxc4 Bb7 31.Nd6 Nf4 32.Re3 Bd5 33.Nxe4 Nxg2 34.Kxg2 Rf4 35.Nc5 Kf5
36.Ra3 Bxe4+ 37.Nxe4 Rxe4 38.Kf3 Rc4 39.Ra5+ e5 40.Rxa6 Rc2 41.Rh6 Rxb2 42.Rxh4 Rxa2
43.Rh5+ Ke6 44.Ke4 Ra4+ 45.Ke3 Kd5 46.Rh8 Ra3+ 47.Ke2 Kd4 48.Re8 Rh3 49.Ra8 Rxh2+
50.Ke1 Rc2 51.Ra5 Ke4 52.Ra3 Kf4 53.Ra4+ e4 54.Ra3 Rg2 55.Rb3 e3  1/2-1/2

[Event "II Brazil Maringa Open"]
[Site "Maringa BRA"]
[Date "2012.08.11"]
[Round "6.21"]
[White "Brito,L"]
[Black "Broday,Gabriel Renan"]
[Result "0-1"]
[WhiteElo "2275"]
[BlackElo "2028"]

1.Nc3 c5 2.Nf3 e6 3.e4 a6 4.d4 cxd4 5.Nxd4 Qc7 6.Bd3 Nf6 7.O-O d6 8.Be3 Be7
9.f4 Bd7 10.Kh1 Nc6 11.Nf3 h5 12.Qe2 Na5 13.f5 e5 14.Ng5 Rc8 15.Rad1 Nc4
16.Bc1 b5 17.b3 Nb6 18.Bb2 Qc5 19.Rf3 b4 20.Nb1 a5 21.Nd2 Ng4 22.h4 f6 23.Ne6 Bxe6
24.fxe6 g6 25.Nc4 Nxc4 26.Bxc4 O-O 27.Rd5 Qc7 28.Bc1 f5 29.exf5 gxf5 30.g3 a4
31.Kg2 axb3 32.axb3 Qb7 33.Bg5 Kg7 34.Rb5 Qc7 35.Qd2 Rfd8 36.Qxb4 e4 37.Rc3 Qa7
38.Rb6 Rb8 39.Bxe7 Rxb6 40.Bf8+ Kxf8 41.Bb5 Rc6  0-1

[Event "II Brazil Maringa Open"]
[Site "Maringa BRA"]
[Date "2012.08.11"]
[Round "7.35"]
[White "Cardoso,Matheus Santos"]
[Black "Farias,Sergio Roberto Alves"]
[Result "0-1"]
[WhiteElo "1767"]
[BlackElo "2101"]

1.e4 c5 2.Nf3 e6 3.d4 cxd4 4.Nxd4 a6 5.Nc3 Qc7 6.Bd3 Nf6 7.O-O h5 8.Nf3 Nc6
9.Qe2 Ng4 10.h4 Nd4  0-1

[Event "16th HZ Open"]
[Site "Vlissingen NED"]
[Date "2012.08.11"]
[Round "9"]
[White "Hulpia,F"]
[Black "Lee,Jun Wei"]
[Result "0-1"]
[WhiteElo "2090"]
[BlackElo "1524"]

1.e4 c5 2.Nf3 e6 3.d4 cxd4 4.Nxd4 a6 5.Nc3 Qc7 6.Bd3 Nf6 7.O-O Be7 8.Be3 O-O
9.Kh1 b5 10.f4 d6 11.Qf3 Bb7 12.a3 Nbd7 13.Rac1 Nc5 14.f5 e5 15.Nb3 Ncd7
16.Qg3 Rfe8 17.Bg5 Kh8 18.Nd2 h6 19.Bxf6 Nxf6 20.Nf3 Nh5 21.Qg4 Nf4 22.g3 h5  0-1

[Event "FSIMB August 2012"]
[Site "Budapest HUN"]
[Date "2012.08.12"]
[Round "9.3"]
[White "Szalanczy,E"]
[Black "Sean,W"]
[Result "1-0"]
[WhiteElo "2245"]
[BlackElo "2120"]

1.e4 c5 2.Nf3 e6 3.d4 cxd4 4.Nxd4 a6 5.Nc3 Qc7 6.Bd3 Nc6 7.Be3 Nf6 8.O-O b5
9.Nxc6 Qxc6 10.e5 Bb7 11.Qf3 Qxf3 12.gxf3 b4 13.Na4 Bxf3 14.exf6 gxf6 15.Rfd1 Bd6
16.Be4 Bxh2+ 17.Kxh2 Bxe4 18.Nb6 Rd8 19.Rd6 Rg8 20.Rad1 Bc6 21.Rg1 Rxg1 22.Kxg1 Ke7
23.Bc5 Rg8+ 24.Kh2 Kd8 25.Nc4 Rg5 26.Be3 Rh5+ 27.Kg3 Rh1 28.Bb6+ Ke8 29.Na5 Bd5
30.Bc5 Rg1+ 31.Kf4 Kd8 32.Rxa6 Rc1 33.Bd6 Rxc2 34.b3 Rxf2+ 35.Ke3 Rf3+ 36.Kd4 Rc3
37.Rb6 Rc8 38.Rxb4 Ra8 39.Nc4 Bc6 40.a4 e5+ 41.Ke3 h5 42.a5  1-0

[Event "113th US Open 2012"]
[Site "Vancouver USA"]
[Date "2012.08.12"]
[Round "9"]
[White "Sheng,Joshua"]
[Black "Roper,D"]
[Result "1/2-1/2"]
[WhiteElo "1902"]
[BlackElo "2265"]

1.e4 c5 2.Nf3 e6 3.d4 cxd4 4.Nxd4 a6 5.Nc3 Qc7 6.g3 Bb4 7.Ne2 Be7 8.Bg2 Nc6
9.O-O b5 10.a3 d6 11.f4 Nf6 12.h3 Bb7 13.Be3 Na5 14.Kh1 Nc4 15.Bc1 e5 16.b3 Nb6
17.g4 h6 18.Qe1 Rc8 19.Bb2 O-O 20.g5 hxg5 21.fxg5 Nh7 22.h4 g6 23.Rc1 Nxg5
24.hxg5 Bxg5 25.Rd1 Kg7 26.Bh3 Rh8 27.Kg2 d5 28.exd5 Rcd8 29.Qg3 Nxd5 30.Nxd5 Rxd5
31.Rxd5 Bxd5+ 32.Kh2 f6 33.Qc3 Qxc3 34.Bxc3 Be6 35.Ng1 Bf4+ 36.Kg2 Bd5+ 37.Kf2 g5
38.Ke2 Be4 39.Be6 Rh2+ 40.Rf2 Rh1 41.Nf3 Bxc2 42.Ne1 Be4 43.Nd3 Bg3 44.Ke3 Bb7
45.Rf5 Bf4+ 46.Nxf4 gxf4+ 47.Kd3 Rh3+ 48.Kd2 Rh2+ 49.Kd3 Rh3+ 50.Kd2 Re3
51.Rh5 Be4 52.Rh3 Bf3 53.Kc2 Kg6 54.Bd2 Be4+ 55.Kd1 Rxh3 56.Bxh3 Bd5 57.b4 Kg5
58.Ke2 f5 59.Kf2 e4 60.Be1 Bc4 61.Bc3 Bb3 62.Be5 Bd1 63.Bf1 e3+ 64.Kg2 f3+
65.Kg3 e2 66.Kf2 Kg4 67.Bd6 f4 68.Bc5 exf1=Q+ 69.Kxf1 Kf5 70.Bd4 Ke4 71.Bb2 Kd3
72.Bc1 Be2+ 73.Ke1 Kc2 74.Bxf4 Kb2 75.Bd2 Kxa3 76.Kf2 Kb3  1/2-1/2

[Event "2nd Split Open 2012"]
[Site "Split CRO"]
[Date "2012.08.13"]
[Round "3.1"]
[White "Brkic,A"]
[Black "Torres Sanchez,J"]
[Result "0-1"]
[WhiteElo "2587"]
[BlackElo "2278"]

1.e4 c5 2.Nf3 e6 3.d4 cxd4 4.Nxd4 a6 5.Nc3 b5 6.Bd3 b4 7.Nce2 Bb7 8.O-O Nf6
9.Ng3 d6 10.Bd2 h5 11.Re1 h4 12.Nf1 h3 13.g4 e5 14.Nf5 g6 15.N5g3 Nc6 16.Ne3 Bh6
17.Bc4 O-O 18.Bf1 Nd4 19.Bxh3 Nxe4 20.Bg2 Nxd2 21.Bxb7 d5 22.Bxd5 Bxe3 23.Bxa8 Bf4
24.Bg2 Qh4 25.c3 bxc3 26.bxc3 Ne6 27.Qe2 Ng5 28.Red1 Rd8 29.Rac1 e4 30.Kh1 Kg7
31.Rxd2 Rxd2 32.Qf1 e3 33.Qc4 Rxf2 34.Qd4+ Kh7  0-1

[Event "2nd Metropolitan International"]
[Site "Los Angeles USA"]
[Date "2012.08.14"]
[Round "1"]
[White "Sevian,Samuel"]
[Black "He,To"]
[Result "1/2-1/2"]
[WhiteElo "2316"]
[BlackElo "1982"]

1.e4 c5 2.Nf3 e6 3.d4 cxd4 4.Nxd4 a6 5.Nc3 b5 6.Be2 Bb7 7.Bf3 Qc7 8.O-O Nc6
9.Re1 Nxd4 10.Qxd4 Ne7 11.Bg5 Nc6 12.Nd5 Qd8 13.Qd2 Be7 14.Nxe7 Nxe7 15.Rad1 Bc6
16.Qd6 f6 17.Bh5+ Ng6 18.Be3 Qe7 19.Bc5 Qxd6 20.Bxd6 Kd8 21.f4 Ne7 22.Bf3 Nc8
23.Bc5 Kc7 24.e5 Bxf3 25.gxf3 Re8 26.Re4 Ne7 27.Red4 Rad8 28.Rd6 Nc6 29.Kf2 Rg8
30.b3 fxe5 31.fxe5 g5 32.Kg3 Rg7 33.c4 bxc4 34.b4 Rf7 35.R6d2 Rf5 36.Bd6+ Kb7
37.Re2 Rc8 38.Re4 c3 39.Rc1 Rf4 40.Rxf4 gxf4+ 41.Kxf4 Nxb4 42.Bxb4 Rc4+ 43.Kg5 Rxb4
44.Rxc3 Rb2 45.Rb3+ Rxb3 46.axb3 Kc6 47.Kh6 Kc5 48.Kxh7 Kb4 49.h4 Kxb3 50.h5 a5
51.h6 a4 52.Kg6 a3 53.h7 a2 54.h8=Q a1=Q 55.Qb8+ Kc2 56.Kf7 Qc3 57.f4 Kd3
58.Ke7 Ke4 59.Kxd7 Qc4 60.Qd6 Kxf4  1/2-1/2

[Event "2nd Split Open 2012"]
[Site "Split CRO"]
[Date "2012.08.14"]
[Round "4.22"]
[White "Doric,N"]
[Black "Milosavljevic,J"]
[Result "1/2-1/2"]
[WhiteElo "2322"]
[BlackElo "2081"]

1.e4 c5 2.Nc3 e6 3.Nf3 a6 4.d4 cxd4 5.Nxd4 b5 6.Bd3 Qb6 7.Nf3 Qc7 8.e5 Be7
9.O-O f5 10.Re1 Nc6 11.a4 b4 12.Nb1 Bb7 13.Nbd2 Na5 14.Nd4 Bd5 15.N2f3 g6
16.Bd2 Qb6 17.Qe2 Bc5 18.c3 Bb7 19.cxb4 Bxb4 20.Bxb4 Qxb4 21.Qd2 Qb6 22.b4 Bxf3
23.bxa5 Qxd4 24.gxf3 Ne7 25.Rac1 O-O 26.Red1 Qxe5 27.f4 Qd4 28.Bf1 Qxd2 29.Rxd2 Ra7
30.Rd6 Rc8 31.Rxc8+ Nxc8 32.Rxa6 Rxa6 33.Bxa6 Na7 34.f3 Kf8 35.Bb5 Ke7 36.Kf2 d6
37.Ke3  1/2-1/2

[Event "2nd Metropolitan International"]
[Site "Los Angeles USA"]
[Date "2012.08.15"]
[Round "2"]
[White "Khachiyan,M"]
[Black "Liou,Y"]
[Result "1/2-1/2"]
[WhiteElo "2478"]
[BlackElo "2350"]

1.e4 c5 2.Nc3 e6 3.Nf3 a6 4.d4 cxd4 5.Nxd4 Qc7 6.g3 Bb4 7.Ne2 Nf6 8.Bg2 O-O
9.O-O Be7 10.h3 Nc6 11.a4 b6 12.g4 d6 13.g5 Nd7 14.f4 Bb7 15.h4 Rfe8 16.Be3 Bf8
17.h5 Rac8 18.Qd2 Na5 19.b3 d5 20.exd5 exd5 21.Bd4  1/2-1/2

[Event "2nd Metropolitan International"]
[Site "Los Angeles USA"]
[Date "2012.08.15"]
[Round "3"]
[White "Mousseri,Daniel"]
[Black "Lessler,Peter"]
[Result "0-1"]
[WhiteElo "2018"]
[BlackElo "2200"]

1.e4 c5 2.Nf3 e6 3.d4 cxd4 4.Nxd4 a6 5.Nc3 Qc7 6.Be2 Nf6 7.O-O Bb4 8.Qd3 Nc6
9.Nxc6 bxc6 10.Be3 O-O 11.Bf3 e5 12.Ne2 Re8 13.Ng3 Rb8 14.Rad1 h6 15.c4 Bf8
16.b3 d6 17.Rfe1 Bb7 18.Bc1 Rbd8 19.h3 d5 20.cxd5 cxd5 21.exd5 Nxd5 22.Qc4 Qa5
23.Bd2 Qxa2 24.Bxh6 Rc8 25.Qa4 Qxa4 26.bxa4 e4 27.Nxe4 f5 28.Rxd5 fxe4 29.Rxe4 Rxe4
30.Bxe4 gxh6 31.Rd4 Bxe4 32.Rxe4 a5 33.Re2 Rc1+ 34.Kh2 Ra1 35.Re4 Bb4 36.g4 Rxa4
37.Kg2 Ra2 38.h4 Bc5 39.Rf4 Rxf2+  0-1

[Event "2nd Metropolitan International"]
[Site "Los Angeles USA"]
[Date "2012.08.15"]
[Round "3"]
[White "Lee,Ka"]
[Black "He,To"]
[Result "1-0"]
[WhiteElo "2129"]
[BlackElo "1982"]

1.e4 c5 2.Nf3 e6 3.d4 cxd4 4.Nxd4 a6 5.Nc3 b5 6.Bd3 d6 7.O-O Nf6 8.a4 b4
9.Nce2 Be7 10.c3 bxc3 11.Nxc3 O-O 12.Qe2 Bb7 13.Kh1 Nbd7 14.f4 Qc7 15.Bd2 Nc5
16.Bc2 d5 17.e5 Nfe4 18.Nxe4 Nxe4 19.Be3 Rfc8 20.Rac1 Qd8 21.f5 exf5 22.Nxf5 Bf8
23.Qg4 Kh8 24.e6 Nf6 25.Qh4 fxe6 26.Nd4 e5 27.Bg5 e4 28.Rxf6 Be7 29.Ne6 Qd7
30.Rf7 Qxe6 31.Rxe7 Qf5 32.Be3 Rc6 33.Rxb7 Rac8 34.Bd4 Rg6 35.Qe1 h6 36.Qe2 Qf4
37.Rd1 Rf8 38.Bb3 Rg4 39.Bxd5 Rh4 40.Bxg7+  1-0

[Event "Stare Mesto Open 2012"]
[Site "Stare Mesto CZE"]
[Date "2012.08.16"]
[Round "8.6"]
[White "Klima,L"]
[Black "Fiala,Va"]
[Result "1/2-1/2"]
[WhiteElo "2372"]
[BlackElo "2172"]

1.e4 c5 2.Nf3 e6 3.d4 cxd4 4.Nxd4 a6 5.Nc3 Qc7 6.g3 Nf6 7.Bg2 Bb4 8.O-O Bxc3
9.bxc3 Qxc3 10.Bf4 O-O 11.Bd6 Re8 12.e5 Nd5 13.Bxd5 exd5 14.Nf5 Nc6 15.Qg4 g6
16.Rae1 Rxe5 17.Nh6+ Kg7 18.Qf4 f6 19.Ng4 Rxe1 20.Qh6+ Kf7 21.Qf8+ Ke6 22.Bf4 Rxf1+
23.Kxf1 g5 24.Qg8+ Ke7 25.Qxh7+ Ke6 26.Qg8+ Ke7 27.Ne3 Qa1+ 28.Kg2 d6 29.Nxd5+ Kd7
30.Qf7+ Kd8 31.Qg8+ Kd7 32.Qh7+ Kd8 33.Be3 Qe5 34.Qg8+ Kd7 35.Qf7+ Ne7 36.Nb6+ Kc7
37.Nxa8+ Kb8 38.Nb6 Nf5 39.Nd7+  1/2-1/2